Statistics for Countries that have Sent a Person into Space

Click here to take the quiz!

General Stats

  • This quiz has been taken 37 times
  • The average score is 29 of 40

Answer Stats

Year of First LaunchCountry% Correct
1961Soviet Union
100%
1961United States of America
97%
1978East Germany
95%
1982France
95%
1990Japan
95%
1991United Kingdom
95%
1983West Germany
95%
1984India
92%
1992Russia
92%
1998Spain
92%
1984Canada
89%
1992Italy
89%
2008South Korea
89%
2006Brazil
86%
1985Mexico
86%
2003China
84%
2006Sweden
84%
1992Switzerland
81%
1991Austria
78%
1978Czechoslovakia
78%
1978Poland
78%
2002South Africa
78%
1997Ukraine
76%
1985Netherlands
73%
1981Romania
73%
1980Hungary
70%
1992Belgium
68%
2003Israel
65%
2015Denmark
59%
2006Iran
57%
1979Bulgaria
54%
2015Kazakhstan
54%
1985Saudi Arabia
51%
1980Vietnam
49%
1980Cuba
46%
1999Slovakia
46%
1981Mongolia
43%
1988Afghanistan
30%
2007Malaysia
27%
1987Syria
27%

Score Distribution

Percentile by Number Answered

Percent of People with Each Score

Your Score History

You have not taken this quiz